Dôslednejšia práca s hercami Maďarský muzikál na bratislavskej Novej scéne

Bibliographic Details
Main Author: Mačugová, Gizela, 1914-1997 (Author)
Format: Article
Language:Slovak
Subjects:

MARC

LEADER 00000nab a2200000 a 4500
001 vtls000081124
003 SK-MaSNL
005 20260304222731.0
008 040806c1981 xo 0 slo
015 |a SNBRB19rr/mm-uuuuu 
035 |a CL0091225 
040 |a SNKBUCL  |b slo  |c SNKBUCL  |e AACR2 
041 0 |a slo 
044 |a xo  |c SK 
080 |a 792.5  |2 1981 
100 1 |a Mačugová, Gizela,  |d 1914-1997  |4 aut  |9 48700 
245 1 0 |a Dôslednejšia práca s hercami  |b Maďarský muzikál na bratislavskej Novej scéne  |c Gizela Mačugová 
600 1 7 |a Fényes, Szabolcs  |t Pes, ktorého volali pán Bozzi  |2 snkbucl  |9 1003873 
610 2 7 |a Divadlo Nová scéna.  |b Spevohra  |2 snkbucl  |9 31993 
630 0 7 |a Pes, ktorého volali pán Bozzi (muzikál)  |2 snkbucl  |9 1003874 
650 0 7 |a muzikály  |2 snkbucl  |9 3332 
655 7 |a recenzie  |2 snkbucl  |9 21907 
655 7 |a články z novín a časopisov  |2 snkbucl  |9 267496 
773 0 |t Ľud  |g Roč. 34, č. 53 (4. 3. 1981), s. 5 
850 |a Slovenská národná knižnica v Martine  |a MTA001 
852 |a SNK  |b KIS3GCP 
999 |c 3164708  |d 3166638